000 00356cam a22001337a 4500
008 180718b1984 xxu||||| |||| 00| 0 eng d
082 _aA3 C461de
100 _aChristie, Agatha
245 _aDeath in the clouds
_cby Agatha Christie
260 _aNew York
_bBerkly Books
_c1984
300 _a230p.
440 _aA hercule poirot mystery
650 _aFiction
999 _c381922
_d381922